| 000 | 01028cam a2200277 a 4500 | ||
|---|---|---|---|
| 001 | 238422 | ||
| 003 | ARRUPE | ||
| 005 | 20140520143752.0 | ||
| 008 | 990527s1999 sa ab b 000 0 eng | ||
| 010 | _a 99210480 | ||
| 020 | _a0869754807 | ||
| 040 |
_aDLC _cDLC _dDLC |
||
| 043 | _af-sa--- | ||
| 050 | 0 | 0 |
_aSPC DT1908.T35 _bM37 1999 |
| 082 | 0 | 0 |
_a968.04/84 _221 |
| 100 | 1 |
_aMcFadden, Pam. _910414 |
|
| 245 | 1 | 4 |
_aThe battle of Talana, 20 October 1899 / _cPam McFadden. |
| 260 |
_aRandburg : _bRavan Press, _c1999. |
||
| 300 |
_aiv, 44 p.: _bill., col. maps ; _c24 cm. |
||
| 440 | 0 |
_aBattles of the Angloâ‚‹Boer War _910415 |
|
| 504 | _aIncludes bibliographical references (p. 44). | ||
| 650 | 0 |
_aTalana Hill, Battle of, South Africa, 1899. _910416 |
|
| 906 |
_a7 _bcbc _corignew _d3 _encip _f19 _gy-gencatlg |
||
| 942 |
_2lcc _cMONOGRAPH |
||
| 999 |
_c120556 _d120556 |
||